000 00388nam a22001337a 4500
008 230801b |||||||| |||| 00| 0 eng d
020 _a978-1-032-51210-5
082 _a305.8
100 _aAdam Kuper
245 _aThe reinvention of primitive society :
_btransformations of a myth, reissue of second edition
260 _aUK:
_bRoutledge,
_c2017
300 _a223 p.
_c23 cm
942 _2ddc
999 _c9633
_d9634